00390 a2200145 4500003000400000005001700004008004100021020001800062040000900080082001800089100001800107245008100125260002800206300001000234OSt20231006151959.0231006b |||||||| |||| 00| 0 eng d a9789386392701 coclc a801.95bANS/M1 aAnshen, David aMarxist literary and cultural theory /cDavid Anshen; edited by Andrew Slade bOrient Blackswanc2023. a200 p